| 000 | 00689cac a2200217 a 4500 | ||
|---|---|---|---|
| 003 | CO-PeBPM | ||
| 005 | 20250929181351.0 | ||
| 008 | 250929s1964 ck |||| |||| 00| 0 spa d | ||
| 040 |
_aCO-PeBPM _bspa _cCO-PeBPM _erda |
||
| 041 | _aspa | ||
| 082 | 0 | 4 |
_a155.5 B114a _222 |
| 100 | 1 |
_aBabin, P. _eautor |
|
| 245 | 1 | 0 |
_aEl adolescente y sus problemas _c/ P. Babin y J. Vimort; traducción Fernando Gutiérrez |
| 260 |
_aBarcelona, España _b: Herder _c, 1964 |
||
| 300 |
_a134 páginas _c17 centímetros |
||
| 650 | 1 | 4 |
_aPadres e hijos _2LEMB |
| 650 | 1 | 4 |
_aPsicología del adolescente _2LEMB |
| 700 | 1 |
_aGutiérrez, Fernando _etraducción |
|
| 700 | 1 |
_aVimort, J. _dautor |
|
| 942 |
_2ddc _cBK _n0 |
||
| 999 |
_c61276 _d61276 |
||